| 000 | 00353nam a2200145Ia 4500 | ||
|---|---|---|---|
| 008 | 230917s9999||||xx |||||||||||||| ||und|| | ||
| 040 |
_e142184 _aMAIN |
||
| 041 | _aEnglish | ||
| 082 | _a780.5 S58S | ||
| 100 | _aGarg, Prabhulal | ||
| 245 | 0 | _aSangeet vadhya vadan ank | |
| 260 |
_aHathras _bSangeet Karyalaya _c1975 |
||
| 300 | _a290p p. | ||
| 942 | _cBK | ||
| 999 |
_c38527 _d38527 |
||